[Event "ABC 2024 Utrecht, Groep BCm"]
[Site "Utrecht."]
[Date "2024.03.09"]
[Round "3.2"]
[White "Yildirim, Azra"]
[Black "Barbier, Sarah"]
[Result "1/2-1/2"]
[WhiteElo "1635"]
[BlackElo "1429"]

1. e4 {[%clk 00:55:17]} {[%emt 00:00:02]} e5 {[%clk 00:55:13]} {[%emt
00:00:07]} 2. Nf3 {[%clk 00:54:56]} {[%emt 00:00:31]} Nc6 {[%clk 00:55:17]}
{[%emt 00:00:07]} 3. Bb5 {[%clk 00:54:51]} {[%emt 00:00:15]} Bc5 {[%clk
00:55:00]} {[%emt 00:00:25]} 4. Bxc6 {[%clk 00:53:54]} {[%emt 00:01:08]} dxc6
{[%clk 00:55:01]} {[%emt 00:00:09]} 5. Nxe5 {[%clk 00:52:33]} {[%emt 00:01:32]}
Qd4 {[%clk 00:54:51]} {[%emt 00:00:19]} 6. Nd3 {[%clk 00:50:49]} {[%emt
00:01:54]} Qxe4+ {[%clk 00:54:43]} {[%emt 00:00:18]} 7. Qe2 {[%clk 00:50:17]}
{[%emt 00:00:42]} Qxe2+ {[%clk 00:54:44]} {[%emt 00:00:09]} 8. Kxe2 {[%clk
00:50:12]} {[%emt 00:00:16]} Bb6 {[%clk 00:54:50]} {[%emt 00:00:04]} 9. Re1
{[%clk 00:49:31]} {[%emt 00:00:50]} Ne7 {[%clk 00:54:40]} {[%emt 00:00:20]} 10.
Kf1 {[%clk 00:48:57]} {[%emt 00:00:44]} Be6 {[%clk 00:54:25]} {[%emt 00:00:25]}
11. Ne5 {[%clk 00:47:36]} {[%emt 00:01:31]} f6 {[%clk 00:54:15]} {[%emt
00:00:21]} 12. Nxc6 {[%clk 00:46:20]} {[%emt 00:01:25]} Bc4+ {[%clk 00:52:23]}
{[%emt 00:02:02]} 13. d3 {[%clk 00:46:02]} {[%emt 00:00:28]} Bxd3+ {[%clk
00:52:13]} {[%emt 00:00:21]} 14. cxd3 {[%clk 00:45:57]} {[%emt 00:00:15]} bxc6
{[%clk 00:52:15]} {[%emt 00:00:07]} 15. Be3 {[%clk 00:44:25]} {[%emt 00:01:42]}
Ba5 {[%clk 00:52:00]} {[%emt 00:00:25]} 16. Nc3 {[%clk 00:44:07]} {[%emt
00:00:29]} O-O-O {[%clk 00:51:05]} {[%emt 00:01:04]} 17. Red1 {[%clk 00:41:24]}
{[%emt 00:02:53]} Kb7 {[%clk 00:50:40]} {[%emt 00:00:35]} 18. b4 {[%clk
00:38:46]} {[%emt 00:02:48]} Bxb4 {[%clk 00:49:47]} {[%emt 00:01:03]} 19. Rab1
{[%clk 00:38:46]} {[%emt 00:00:11]} a5 {[%clk 00:49:34]} {[%emt 00:00:23]} 20.
Bc5 {[%clk 00:38:44]} {[%emt 00:00:11]} Kc8 {[%clk 00:47:34]} {[%emt 00:02:10]}
21. Bxb4 {[%clk 00:38:15]} {[%emt 00:00:39]} axb4 {[%clk 00:47:20]} {[%emt
00:00:24]} 22. Rxb4 {[%clk 00:38:18]} {[%emt 00:00:07]} Rhe8 {[%clk 00:46:44]}
{[%emt 00:00:45]} 23. Ra4 {[%clk 00:35:54]} {[%emt 00:02:35]} Kd7 {[%clk
00:46:18]} {[%emt 00:00:36]} 24. Ne4 {[%clk 00:25:27]} {[%emt 00:10:38]} Ke6
{[%clk 00:45:37]} {[%emt 00:00:50]} 25. Nc5+ {[%clk 00:21:59]} {[%emt
00:03:39]} Kf7 {[%clk 00:45:09]} {[%emt 00:00:37]} 26. Ra7 {[%clk 00:20:21]}
{[%emt 00:01:49]} Nd5 {[%clk 00:44:41]} {[%emt 00:00:37]} 27. Re1 {[%clk
00:17:25]} {[%emt 00:03:07]} Nb4 {[%clk 00:43:44]} {[%emt 00:01:06]} 28. Rxc7+
{[%clk 00:16:16]} {[%emt 00:01:20]} Kg8 {[%clk 00:42:57]} {[%emt 00:00:57]} 29.
Rxe8+ {[%clk 00:12:03]} {[%emt 00:04:23]} Rxe8 {[%clk 00:42:52]} {[%emt
00:00:14]} 30. a3 {[%clk 00:11:53]} {[%emt 00:00:21]} Nc2 {[%clk 00:42:47]}
{[%emt 00:00:14]} 31. g3 {[%clk 00:11:24]} {[%emt 00:00:40]} Re1+ {[%clk
00:41:52]} {[%emt 00:01:04]} 32. Kg2 {[%clk 00:11:21]} {[%emt 00:00:14]} Re5
{[%clk 00:41:10]} {[%emt 00:00:51]} 33. Rxc6 {[%clk 00:09:02]} {[%emt
00:02:30]} Ne1+ {[%clk 00:41:01]} {[%emt 00:00:19]} 34. Kf1 {[%clk 00:07:01]}
{[%emt 00:02:11]} Nf3 {[%clk 00:40:24]} {[%emt 00:00:46]} 35. Kg2 {[%clk
00:05:29]} {[%emt 00:01:42]} Ne1+ {[%clk 00:40:21]} {[%emt 00:00:14]} 36. Kh3
{[%clk 00:04:33]} {[%emt 00:01:06]} Rh5+ {[%clk 00:40:19]} {[%emt 00:00:11]} 37.
Kg4 {[%clk 00:04:33]} {[%emt 00:00:10]} Rg5+ {[%clk 00:40:21]} {[%emt
00:00:08]} 38. Kf4 {[%clk 00:04:27]} {[%emt 00:00:16]} Ng2+ {[%clk 00:39:30]}
{[%emt 00:01:01]} 39. Ke4 {[%clk 00:04:22]} {[%emt 00:00:15]} f5+ {[%clk
00:38:32]} {[%emt 00:01:09]} 40. Ke5 {[%clk 00:04:13]} {[%emt 00:00:19]} f4+
{[%clk 00:38:22]} {[%emt 00:00:20]} 41. Ke6 {[%clk 00:04:21]} {[%emt 00:00:02]}
h6 {[%clk 00:37:36]} {[%emt 00:00:55]} 42. d4 {[%clk 00:03:48]} {[%emt
00:00:43]} fxg3 {[%clk 00:36:41]} {[%emt 00:01:05]} 43. hxg3 {[%clk 00:03:51]}
{[%emt 00:00:07]} Ne1 {[%clk 00:35:44]} {[%emt 00:01:07]} 44. d5 {[%clk
00:03:45]} {[%emt 00:00:16]} Nc2 {[%clk 00:35:41]} {[%emt 00:00:13]} 45. Rc8+
{[%clk 00:03:44]} {[%emt 00:00:13]} Kh7 {[%clk 00:35:24]} {[%emt 00:00:26]} 46.
d6 {[%clk 00:03:41]} {[%emt 00:00:13]} Nd4+ {[%clk 00:35:15]} {[%emt 00:00:18]}
47. Kf7 {[%clk 00:03:20]} {[%emt 00:00:32]} Rf5+ {[%clk 00:34:58]} {[%emt
00:00:27]} 48. Ke7 {[%clk 00:03:15]} {[%emt 00:00:15]} Re5+ {[%clk 00:34:44]}
{[%emt 00:00:24]} 49. Kd7 {[%clk 00:03:02]} {[%emt 00:00:23]} Kg6 {[%clk
00:34:08]} {[%emt 00:00:45]} 50. Re8 {[%clk 00:03:05]} {[%emt 00:00:07]} Rxc5
{[%clk 00:33:52]} {[%emt 00:00:26]} 1/2-1/2

[Event "ABC 2024 Utrecht, Groep BCm"]
[Site "Utrecht."]
[Date "2024.03.09"]
[Round "3.3"]
[White "Esvelt, Klio"]
[Black "Rutten, Lenthe"]
[Result "0-1"]
[WhiteElo "1352"]
[BlackElo "1343"]

1. e4 {[%clk 00:55:19]} {[%emt 00:15:34]} c5 {[%clk 00:55:17]} {[%emt
00:00:03]} 2. Nf3 {[%clk 00:55:23]} {[%emt 00:00:06]} d6 {[%clk 00:55:21]}
{[%emt 00:00:07]} 3. Nc3 {[%clk 00:55:19]} {[%emt 00:00:14]} Nc6 {[%clk
00:55:20]} {[%emt 00:00:10]} 4. Bc4 {[%clk 00:55:24]} {[%emt 00:00:05]} Nf6
{[%clk 00:55:15]} {[%emt 00:00:15]} 5. d3 {[%clk 00:55:27]} {[%emt 00:00:07]}
g6 {[%clk 00:55:02]} {[%emt 00:00:23]} 6. Ng5 {[%clk 00:55:25]} {[%emt
00:00:12]} e6 {[%clk 00:54:52]} {[%emt 00:00:20]} 7. Nf3 {[%clk 00:55:18]}
{[%emt 00:00:15]} Bg7 {[%clk 00:54:18]} {[%emt 00:00:46]} 8. Bg5 {[%clk
00:55:26]} {[%emt 00:00:02]} O-O {[%clk 00:53:24]} {[%emt 00:01:03]} 9. Qd2
{[%clk 00:55:27]} {[%emt 00:00:10]} Qd7 {[%clk 00:52:53]} {[%emt 00:00:41]} 10.
O-O-O {[%clk 00:55:12]} {[%emt 00:00:24]} d5 {[%clk 00:51:00]} {[%emt
00:02:04]} 11. exd5 {[%clk 00:55:01]} {[%emt 00:00:21]} exd5 {[%clk 00:50:11]}
{[%emt 00:00:59]} 12. Bxf6 {[%clk 00:55:03]} {[%emt 00:00:08]} dxc4 {[%clk
00:48:45]} {[%emt 00:01:37]} 13. Bxg7 {[%clk 00:55:02]} {[%emt 00:00:11]} Kxg7
{[%clk 00:48:12]} {[%emt 00:00:43]} 14. dxc4 {[%clk 00:54:38]} {[%emt
00:00:32]} Qg4 {[%clk 00:47:12]} {[%emt 00:01:11]} 15. Qd5 {[%clk 00:53:33]}
{[%emt 00:01:06]} Qxg2 {[%clk 00:44:50]} {[%emt 00:02:40]} 16. Rdf1 {[%clk
00:52:32]} {[%emt 00:01:07]} Be6 {[%clk 00:40:57]} {[%emt 00:04:07]} 17. Nh4
{[%clk 00:51:17]} {[%emt 00:01:26]} Bxd5 {[%clk 00:40:19]} {[%emt 00:00:48]} 18.
Nxg2 {[%clk 00:51:14]} {[%emt 00:00:13]} Bxg2 {[%clk 00:40:20]} {[%emt
00:00:09]} 19. Rhg1 {[%clk 00:51:11]} {[%emt 00:00:13]} Bxf1 {[%clk 00:40:13]}
{[%emt 00:00:16]} 20. Rxf1 {[%clk 00:51:17]} {[%emt 00:00:04]} Rad8 {[%clk
00:40:01]} {[%emt 00:00:23]} 21. Rd1 {[%clk 00:51:10]} {[%emt 00:00:18]} Rxd1+
{[%clk 00:39:20]} {[%emt 00:00:50]} 22. Nxd1 {[%clk 00:51:14]} {[%emt
00:00:06]} Rd8 {[%clk 00:39:11]} {[%emt 00:00:19]} 23. Nc3 {[%clk 00:51:02]}
{[%emt 00:00:22]} Ne5 {[%clk 00:39:09]} {[%emt 00:00:12]} 24. Ne4 {[%clk
00:50:51]} {[%emt 00:00:20]} b6 {[%clk 00:38:25]} {[%emt 00:00:55]} 25. Nd2
{[%clk 00:50:54]} {[%emt 00:00:08]} f5 {[%clk 00:38:12]} {[%emt 00:00:23]} 26.
f4 {[%clk 00:50:46]} {[%emt 00:00:17]} Ng4 {[%clk 00:37:49]} {[%emt 00:00:33]}
27. h3 {[%clk 00:50:42]} {[%emt 00:00:14]} Re8 {[%clk 00:37:49]} {[%emt
00:00:11]} 28. hxg4 {[%clk 00:50:26]} {[%emt 00:00:26]} Re1# {[%clk 00:37:36]}
0-1

[Event "ABC 2024 Utrecht, Groep BCm"]
[Site "Utrecht."]
[Date "2024.03.09"]
[Round "3.4"]
[White "Oostinga, Elisa"]
[Black "Bhaskarabhatla, Maithili M"]
[Result "1-0"]
[WhiteElo "1766"]
[BlackElo "1146"]

1. e4 {[%clk 00:55:17]} {[%emt 00:00:02]} c5 {[%clk 00:55:16]} {[%emt
00:00:05]} 2. Nf3 {[%clk 00:55:19]} {[%emt 00:00:07]} d6 {[%clk 00:55:19]}
{[%emt 00:00:08]} 3. Nc3 {[%clk 00:55:05]} {[%emt 00:00:24]} e6 {[%clk
00:55:20]} {[%emt 00:00:08]} 4. g3 {[%clk 00:52:06]} {[%emt 00:03:09]} a6
{[%clk 00:55:08]} {[%emt 00:00:23]} 5. a4 {[%clk 00:51:46]} {[%emt 00:00:30]}
Nc6 {[%clk 00:54:50]} {[%emt 00:00:18]} 6. d4 {[%clk 00:47:14]} {[%emt
00:04:51]} Bd7 {[%clk 00:54:19]} {[%emt 00:00:41]} 7. Bg2 {[%clk 00:45:53]}
{[%emt 00:01:32]} Be7 {[%clk 00:53:00]} {[%emt 00:01:25]} 8. O-O {[%clk
00:45:25]} {[%emt 00:00:42]} cxd4 {[%clk 00:52:38]} {[%emt 00:00:32]} 9. Nxd4
{[%clk 00:45:15]} {[%emt 00:00:20]} Nxd4 {[%clk 00:52:34]} {[%emt 00:00:14]} 10.
Qxd4 {[%clk 00:45:13]} {[%emt 00:00:11]} e5 {[%clk 00:52:29]} {[%emt 00:00:16]}
11. Qd3 {[%clk 00:39:40]} {[%emt 00:05:42]} Nf6 {[%clk 00:51:05]} {[%emt
00:01:35]} 12. Bg5 {[%clk 00:32:53]} {[%emt 00:06:55]} O-O {[%clk 00:50:53]}
{[%emt 00:00:23]} 13. Bxf6 {[%clk 00:32:24]} {[%emt 00:00:39]} Bxf6 {[%clk
00:50:46]} {[%emt 00:00:15]} 14. Qxd6 {[%clk 00:32:14]} {[%emt 00:00:22]} Re8
{[%clk 00:50:08]} {[%emt 00:00:48]} 15. Rad1 {[%clk 00:30:59]} {[%emt
00:01:25]} Re7 {[%clk 00:50:02]} {[%emt 00:00:15]} 16. Nd5 {[%clk 00:30:42]}
{[%emt 00:00:29]} Re6 {[%clk 00:49:28]} {[%emt 00:00:31]} 17. Nxf6+ {[%clk
00:30:43]} {[%emt 00:00:22]} Rxf6 {[%clk 00:47:45]} {[%emt 00:01:53]} 18. Qxd7
{[%clk 00:30:40]} {[%emt 00:00:12]} Qxd7 {[%clk 00:46:51]} {[%emt 00:01:04]} 19.
Rxd7 {[%clk 00:30:43]} {[%emt 00:00:07]} b5 {[%clk 00:46:47]} {[%emt 00:00:14]}
20. Rfd1 {[%clk 00:30:34]} {[%emt 00:00:19]} g6 {[%clk 00:46:34]} {[%emt
00:00:24]} 21. Rd8+ {[%clk 00:30:16]} {[%emt 00:00:28]} Rxd8 {[%clk 00:46:19]}
{[%emt 00:00:25]} 22. Rxd8+ {[%clk 00:30:19]} {[%emt 00:00:07]} Kg7 {[%clk
00:46:19]} {[%emt 00:00:09]} 23. axb5 {[%clk 00:30:27]} {[%emt 00:00:03]} axb5
{[%clk 00:45:34]} {[%emt 00:00:55]} 24. Rb8 {[%clk 00:30:03]} {[%emt 00:00:33]}
Rc6 {[%clk 00:44:27]} {[%emt 00:01:01]} 25. Rxb5 {[%clk 00:29:11]} {[%emt
00:01:18]} Rxc2 {[%clk 00:43:51]} {[%emt 00:00:44]} 26. b4 {[%clk 00:29:12]}
{[%emt 00:00:11]} Rc1+ {[%clk 00:43:09]} {[%emt 00:00:44]} 27. Bf1 {[%clk
00:29:19]} {[%emt 00:00:11]} Rc8 {[%clk 00:42:43]} {[%emt 00:00:33]} 28. Rb7
{[%clk 00:28:23]} {[%emt 00:01:10]} Kf8 {[%clk 00:42:02]} {[%emt 00:00:39]} 29.
b5 {[%clk 00:27:46]} {[%emt 00:00:59]} h6 {[%clk 00:41:32]} {[%emt 00:00:40]}
30. b6 {[%clk 00:27:50]} {[%emt 00:00:05]} Ke8 {[%clk 00:41:13]} {[%emt
00:00:15]} 31. Ba6 {[%clk 00:27:40]} {[%emt 00:00:32]} Kd8 {[%clk 00:41:01]}
{[%emt 00:00:21]} 32. Rxf7 {[%clk 00:27:40]} {[%emt 00:00:14]} Rb8 {[%clk
00:39:26]} {[%emt 00:01:45]} 33. Rf8+ {[%clk 00:27:39]} {[%emt 00:00:11]} Kd7
{[%clk 00:37:58]} {[%emt 00:01:39]} 34. Rxb8 {[%clk 00:27:36]} {[%emt
00:00:12]} Kc6 {[%clk 00:37:11]} {[%emt 00:00:41]} 35. b7 {[%clk 00:27:39]}
{[%emt 00:00:23]} Kc7 {[%clk 00:36:08]} {[%emt 00:01:07]} 36. Rc8+ {[%clk
00:27:42]} {[%emt 00:00:12]} Kd7 {[%clk 00:35:36]} {[%emt 00:00:39]} 37. b8=Q
{[%clk 00:27:38]} {[%emt 00:00:19]} Ke7 {[%clk 00:35:05]} {[%emt 00:00:37]} 38.
Qxe5+ {[%emt 00:00:43]} Kd7 {[%clk 00:34:39]} 39. Rc7+ {[%clk 00:27:38]} {[%emt
00:00:16]} Kd8 {[%clk 00:33:45]} {[%emt 00:01:05]} 40. Qe7# {[%clk 00:27:28]}
{[%emt 00:00:05]} 1-0

[Event "ABC 2024 Utrecht, Groep BCm"]
[Site "Utrecht."]
[Date "2024.03.09"]
[Round "3.5"]
[White "Jermin, Ayleanna"]
[Black "Leenen, Pomme"]
[Result "1-0"]
[WhiteElo "1197"]
[BlackElo "1127"]

1. e4 {[%clk 00:55:18]} {[%emt 00:00:02]} e5 {[%clk 00:55:19]} {[%emt
00:00:01]} 2. Nf3 {[%clk 00:55:20]} {[%emt 00:00:08]} Nc6 {[%emt 00:00:09]} 3.
Nc3 {[%clk 00:54:40]} {[%emt 00:00:49]} Nf6 {[%clk 00:55:23]} {[%emt 00:00:09]}
4. d3 {[%clk 00:54:05]} {[%emt 00:00:45]} h6 {[%clk 00:55:20]} {[%emt
00:00:12]} 5. Nh4 {[%clk 00:52:51]} {[%emt 00:01:25]} Bc5 {[%clk 00:54:56]}
{[%emt 00:00:33]} 6. h3 {[%clk 00:52:44]} {[%emt 00:00:17]} O-O {[%clk
00:54:53]} {[%emt 00:00:13]} 7. f4 {[%clk 00:52:01]} {[%emt 00:00:52]} d6
{[%clk 00:54:25]} {[%emt 00:00:39]} 8. Qf3 {[%clk 00:51:16]} {[%emt 00:00:53]}
Be6 {[%clk 00:54:07]} {[%emt 00:00:29]} 9. Qg3 {[%clk 00:51:07]} {[%emt
00:00:19]} Nh5 {[%clk 00:53:56]} {[%emt 00:00:22]} 10. Qf3 {[%clk 00:50:40]}
{[%emt 00:00:37]} Qxh4+ {[%clk 00:53:40]} {[%emt 00:00:26]} 11. Kd1 {[%emt
00:00:22]} exf4 {[%emt 00:00:29]} 12. Nb5 {[%clk 00:49:41]} {[%emt 00:00:19]}
Bb6 {[%clk 00:53:20]} {[%emt 00:00:27]} 13. Be2 {[%clk 00:49:12]} {[%emt
00:00:42]} Nf6 {[%clk 00:52:36]} {[%emt 00:00:48]} 14. Bxf4 {[%clk 00:48:41]}
{[%emt 00:00:46]} a6 {[%clk 00:51:29]} {[%emt 00:01:18]} 15. Qf1 {[%clk
00:46:26]} {[%emt 00:02:24]} axb5 {[%clk 00:51:13]} {[%emt 00:00:27]} 16. g3
{[%clk 00:46:11]} {[%emt 00:00:24]} Qxf4 {[%clk 00:50:24]} {[%emt 00:01:00]} 17.
gxf4 {[%clk 00:46:02]} {[%emt 00:00:18]} Bd7 {[%clk 00:49:35]} {[%emt
00:01:00]} 18. Qg2 {[%clk 00:45:32]} {[%emt 00:00:39]} Nb4 {[%clk 00:48:56]}
{[%emt 00:00:50]} 19. a3 {[%emt 00:00:45]} Nc6 {[%clk 00:48:47]} {[%emt
00:00:02]} 20. c3 {[%clk 00:45:08]} {[%emt 00:00:15]} Rfe8 {[%clk 00:48:15]}
{[%emt 00:00:41]} 21. Bf3 {[%clk 00:45:02]} {[%emt 00:00:18]} Rad8 {[%clk
00:46:59]} {[%emt 00:01:25]} 22. d4 {[%clk 00:44:58]} {[%emt 00:00:15]} Na5
{[%clk 00:46:24]} {[%emt 00:00:42]} 23. Rg1 {[%clk 00:45:00]} {[%emt 00:00:09]}
g6 {[%clk 00:46:16]} {[%emt 00:00:19]} 24. f5 {[%clk 00:44:57]} {[%emt
00:00:14]} g5 {[%clk 00:45:57]} {[%emt 00:00:29]} 25. h4 {[%clk 00:45:01]}
{[%emt 00:00:05]} Nh7 {[%clk 00:45:38]} {[%emt 00:00:30]} 26. hxg5 {[%clk
00:44:40]} {[%emt 00:00:30]} hxg5 {[%clk 00:45:38]} {[%emt 00:00:10]} 27. Qh3
{[%clk 00:43:40]} {[%emt 00:01:10]} Nf6 {[%clk 00:45:25]} {[%emt 00:00:24]} 28.
Rxg5+ {[%clk 00:43:44]} {[%emt 00:00:05]} Kf8 {[%clk 00:45:26]} {[%emt
00:00:07]} 29. Qh8+ {[%emt 00:00:27]} Ke7 {[%emt 00:00:03]} 30. Qg7 {[%clk
00:42:56]} {[%emt 00:00:29]} Rg8 {[%clk 00:45:01]} {[%emt 00:00:36]} 31. Qh6
{[%clk 00:42:56]} {[%emt 00:00:10]} Rxg5 {[%clk 00:44:58]} {[%emt 00:00:15]} 32.
Qxg5 {[%clk 00:43:04]} Rg8 {[%clk 00:44:39]} {[%emt 00:00:28]} 33. Qh4 {[%clk
00:43:08]} {[%emt 00:00:06]} Rg1+ {[%clk 00:44:37]} {[%emt 00:00:12]} 34. Ke2
{[%clk 00:43:13]} {[%emt 00:00:06]} Rxa1 {[%clk 00:44:39]} {[%emt 00:00:09]} 35.
e5 {[%clk 00:43:14]} {[%emt 00:00:08]} dxe5 {[%emt 00:00:11]} 36. dxe5 {[%emt
00:00:03]} Ke8 {[%clk 00:43:42]} {[%emt 00:00:53]} 37. Qxf6 {[%clk 00:43:08]}
{[%emt 00:00:16]} Bc6 {[%clk 00:43:18]} {[%emt 00:00:34]} 38. Bxc6+ {[%clk
00:43:07]} {[%emt 00:00:11]} bxc6 {[%clk 00:43:25]} {[%emt 00:00:02]} 39. Qh8+
{[%clk 00:42:58]} {[%emt 00:00:20]} Ke7 {[%clk 00:43:31]} {[%emt 00:00:04]} 40.
f6+ {[%clk 00:42:58]} {[%emt 00:00:10]} Ke6 {[%clk 00:43:37]} {[%emt 00:00:02]}
41. Qe8+ {[%clk 00:43:05]} {[%emt 00:00:05]} Kf5 {[%clk 00:43:44]} {[%emt
00:00:04]} 42. Qxf7 {[%clk 00:43:03]} {[%emt 00:00:11]} Ra2 {[%clk 00:43:42]}
{[%emt 00:00:12]} 43. Qxa2 {[%clk 00:43:07]} {[%emt 00:00:06]} Kxe5 {[%clk
00:43:47]} {[%emt 00:00:06]} 44. Qf7 {[%clk 00:43:12]} {[%emt 00:00:04]} Nc4
{[%clk 00:43:51]} {[%emt 00:00:06]} 45. Qe7+ {[%clk 00:43:18]} {[%emt
00:00:04]} Kf5 {[%clk 00:43:55]} {[%emt 00:00:06]} 46. f7 {[%clk 00:43:21]}
{[%emt 00:00:07]} Nxb2 {[%clk 00:43:58]} {[%emt 00:00:08]} 47. f8=Q+ {[%emt
00:00:08]} Kg6 {[%emt 00:00:06]} 48. Qeg7+ {[%emt 00:00:04]} Kh5 {[%emt
00:00:02]} 49. Qfh8# {[%emt 00:00:03]} 1-0

[Event "ABC 2024 Utrecht, Groep BCm"]
[Site "Utrecht."]
[Date "2024.03.09"]
[Round "4.1"]
[White "Kulikova, Polina"]
[Black "Rutten, Lenthe"]
[Result "1-0"]
[WhiteElo "1791"]
[BlackElo "1343"]

1. d4 {[%clk 00:55:19]} d5 {[%clk 00:55:17]} {[%emt 00:00:04]} 2. c4 {[%clk
00:55:22]} {[%emt 00:00:07]} e6 {[%clk 00:55:17]} {[%emt 00:00:10]} 3. Nc3
{[%clk 00:55:28]} {[%emt 00:00:03]} Nf6 {[%clk 00:55:13]} {[%emt 00:00:15]} 4.
cxd5 {[%clk 00:55:20]} {[%emt 00:00:19]} exd5 {[%clk 00:54:53]} {[%emt
00:00:29]} 5. Bg5 {[%clk 00:55:24]} {[%emt 00:00:05]} Bb4 {[%clk 00:54:19]}
{[%emt 00:00:45]} 6. e3 {[%clk 00:54:20]} {[%emt 00:01:12]} O-O {[%clk
00:53:12]} {[%emt 00:01:18]} 7. Bd3 {[%clk 00:54:08]} {[%emt 00:00:22]} c5
{[%clk 00:51:42]} {[%emt 00:01:40]} 8. Nge2 {[%clk 00:42:38]} {[%emt 00:11:40]}
Nc6 {[%clk 00:50:40]} {[%emt 00:01:12]} 9. dxc5 {[%clk 00:39:09]} {[%emt
00:03:40]} Bxc5 {[%clk 00:49:41]} {[%emt 00:01:08]} 10. O-O {[%clk 00:36:33]}
{[%emt 00:02:46]} d4 {[%clk 00:48:15]} {[%emt 00:01:36]} 11. Ne4 {[%clk
00:33:14]} {[%emt 00:03:28]} Be7 {[%clk 00:46:04]} {[%emt 00:02:22]} 12. Nxf6+
{[%clk 00:31:24]} {[%emt 00:02:01]} Bxf6 {[%clk 00:45:16]} {[%emt 00:00:57]} 13.
Bxf6 {[%clk 00:30:36]} {[%emt 00:00:58]} Qxf6 {[%clk 00:44:28]} {[%emt
00:00:58]} 14. exd4 {[%clk 00:27:42]} {[%emt 00:03:04]} Bg4 {[%clk 00:42:51]}
{[%emt 00:01:48]} 15. f3 {[%clk 00:25:43]} {[%emt 00:02:07]} Be6 {[%clk
00:39:52]} {[%emt 00:03:10]} 16. Bb5 {[%clk 00:23:10]} {[%emt 00:02:44]} Rad8
{[%clk 00:36:07]} {[%emt 00:03:54]} 17. Bxc6 {[%clk 00:22:09]} {[%emt
00:01:11]} bxc6 {[%clk 00:36:06]} {[%emt 00:00:11]} 18. Qc2 {[%clk 00:16:16]}
{[%emt 00:06:03]} Rd6 {[%clk 00:33:28]} {[%emt 00:02:48]} 19. b3 {[%clk
00:13:37]} {[%emt 00:02:50]} Re8 {[%clk 00:32:01]} {[%emt 00:01:37]} 20. Rfe1
{[%clk 00:12:53]} {[%emt 00:00:53]} h6 {[%clk 00:26:19]} {[%emt 00:05:53]} 21.
Rad1 {[%clk 00:11:52]} {[%emt 00:01:11]} Qg5 {[%clk 00:25:23]} {[%emt
00:01:06]} 22. Qc3 {[%clk 00:08:30]} {[%emt 00:03:32]} Bh3 {[%clk 00:24:43]}
{[%emt 00:00:49]} 23. Ng3 {[%clk 00:07:54]} {[%emt 00:00:46]} Bd7 {[%clk
00:21:19]} {[%emt 00:03:35]} 24. Rxe8+ {[%clk 00:06:32]} {[%emt 00:01:31]} Bxe8
{[%clk 00:21:17]} {[%emt 00:00:13]} 25. Ne4 {[%clk 00:06:37]} {[%emt 00:00:04]}
Qd5 {[%clk 00:19:25]} {[%emt 00:02:03]} 26. Nxd6 {[%clk 00:06:41]} {[%emt
00:00:06]} Qxd6 {[%clk 00:19:13]} {[%emt 00:00:21]} 27. Re1 {[%clk 00:06:32]}
{[%emt 00:00:19]} Kf8 {[%clk 00:18:56]} {[%emt 00:00:28]} 28. Qc5 {[%clk
00:06:35]} {[%emt 00:00:06]} Qxc5 {[%clk 00:18:42]} {[%emt 00:00:24]} 29. dxc5
{[%clk 00:06:44]} 1-0